| 000 | 00465cam a22001457a 4500 | ||
|---|---|---|---|
| 008 | 180718b2004 xxu||||| |||| 00| 0 eng d | ||
| 100 | _aBurgess, Robin | ||
| 245 |
_aToward a microeconomics of growth _cby Robin Burgess and Anthony J. Venables |
||
| 260 |
_aWashington, D.C. _bWorld Bank _c2004 |
||
| 300 | _a50p. | ||
| 440 | _aPolicy research working paper; no. 3257 | ||
| 650 | _aMicroeconomics | ||
| 650 | _aEconomic development | ||
| 700 | _aVenables, Anthony J. | ||
| 999 |
_c290462 _d290462 |
||